Costa Rica: territorio de la paz. Síntesis del pensamiento del Dr. Oscar Arias Sánchez Presidente de la República de Costa Rica
Uloženo v:
| Hlavní autor: | |
|---|---|
| Médium: | Text |
| Vydáno: |
San José:
Imprenta Nacional
|
| Tagy: |
Přidat tag
Žádné tagy, Buďte první, kdo vytvoří štítek k tomuto záznamu!
|
MARC
| LEADER | 00000 a a2200000 04500 | ||
|---|---|---|---|
| 001 | 22865 | ||
| 003 | |||
| 040 | |||
| 090 | |a 156800 | ||
| 100 | |a Arias Sánchez, Oscar | ||
| 245 | |a Costa Rica: territorio de la paz. Síntesis del pensamiento del Dr. Oscar Arias Sánchez Presidente de la República de Costa Rica | ||
| 260 | |a San José: |b Imprenta Nacional | ||
| 300 | |a 35 p. | ||
| 999 | |c 5757 |d 5757 | ||
